000 00493nam a2200169Ia 4500
008 230917s9999||||xx |||||||||||||| ||und||
020 _cRS1495
040 _e249557
_aMAIN
041 _aEnglish
082 _a910.0182 T212Q
100 _aTaylor, Peter J
245 0 _aQuantitative methods in geography: An introduction to spatial analysis
260 _aJaipur
_bRawat Publications
_c2018
300 _ax, 386 p.
500 _a3243 10/08/2018 RK18/1162 28/08/2018 Main Budget
942 _cBK
999 _c27894
_d27894